National Animals - Statistics

General Stats
  • This quiz has been taken 19 times
  • The average score is 9 of 16
Answer Stats
Hint Answer % Correct
Bald Eagle North America United States
94%
North American Beaver North America Canada
89%
Kiwi Oceania New Zealand
89%
Bulldog Europe United Kingdom
83%
Tiger Asia India
78%
Komodo Dragon Asia Indonesia
78%
Rooster Europe France
72%
Fjord Horse Europe Norway
72%
Ocelot North America Mexico
56%
Cheetah Asia Iran
39%
Blue Crane Africa South Africa
39%
Giraffe Africa Tanzania
39%
Blue Marlin North America Bahamas
33%
Gyrfalcon Europe Iceland
28%
Lynx Europe Romania
22%
Snow Leopard Asia Afganistan
6%
No matching quizzes found
Score Distribution
Percent of People with Each Score
Percentile by Number Answered
Your Score History
You have not taken this quiz